00653nam a2200181Ia 4500008004100000082001700041100001400058245008100072250000600153260003800159500002400197650001500221700001700236942000700253952009700260952009700357999001700454230524s9999 xx 000 0 und d a621.483bARO aS.C.Arora 0a"A Course in Power Plant Engineering (SI-Units), 5th Revised & Enlarged ed." a5 aNew DelhibDhanpat Rai & Coc2010 aQuantity Number: 2 aElectrical aS Domkundwar cBK 00104070aTATCLbTATCLcGENd2023-05-24l0o621.483 AROp47509r2023-05-24w2023-05-24yBK 00104070aTATCLbTATCLcGENd2023-05-24l0o621.483 AROp47510r2023-05-24w2023-05-24yBK c52334d52334